LEADER 01187nam0-22003371i-450- 001 990007467770403321 005 20060615133722.0 035 $a000746777 035 $aFED01000746777 035 $a(Aleph)000746777FED01 035 $a000746777 100 $a20030814d1980----km-y0itay50------ba 101 0 $aita 102 $aIT 105 $a--------001yy 200 1 $aMemoria illustrativa della carta della utilizzazione del suolo della Lombardia$e(fogli 3, 4, 6, 7 della Carta dell'Utilizzazione del suolo d'Italia)$fRoberto Pracchi$gcon la collaborazione di G. Corna Pellegrini e P. L. Beretta 210 $aRoma$cC.N.R.$d1980 215 $a205 p.$cill.$d23 cm 610 0 $aLombardia 610 0 $aGeografia Agraria 700 1$aPracchi,$bRoberto$f<1911-1996>$033310 702 1$aBeretta,$bPier Luigi 702 1$aCorna Pellegrini,$bGiacomo$f<1931-2012> 801 0$aIT$bUNINA$gRICA$2UNIMARC 901 $aBK 912 $a990007467770403321 952 $aE'-05A-016$bIst.9782$fILFGE 952 $aCONS.2 CUS 01(16)$bI.G.672$fILFGE 959 $aILFGE 996 $aMemoria illustrativa della carta della utilizzazione del suolo della Lombardia$9108689 997 $aUNINA LEADER 01412oam 2200385z- 450 001 996278333503316 005 20081021082913.0 010 $a1-5090-8696-X 035 $a(CKB)1000000000331380 035 $a(EXLCZ)991000000000331380 100 $a20220608c2007uuuu -u- - 101 0 $aeng 200 10$a2007 4th IEEE International Symposium on Biomedical Imaging--Macro to Nano $eApril 12-15, 2007 210 $cIEEE 311 $a1-4244-0671-4 311 $a1-4244-0672-2 517 $a2007 4th IEEE International Symposium on Biomedical Imaging 517 $a2007 4th IEEE International Symposium on Biomedical Imaging: From Nano to Macro 517 $aComputer and Information Technology 531 $aBIOMEDICAL IMAGING 606 $aImaging systems in medicine$vCongresses 606 $aDiagnostic imaging$vCongresses 606 $aImage processing$vCongresses 615 0$aImaging systems in medicine 615 0$aDiagnostic imaging 615 0$aImage processing 676 $a616.07/54 712 02$aInstitute of Electrical and Electronics Engineers. 712 02$aIEEE Engineering in Medicine and Biology Society. 712 02$aIEEE Signal Processing Society. 712 02$aIEEE Xplore (Online service) 906 $aPROCEEDING 912 $a996278333503316 996 $a2007 4th IEEE International Symposium on Biomedical Imaging--Macro to Nano$92872305 997 $aUNISA